LEADER 03650nam 2200589 450 001 9910460292003321 005 20200520144314.0 010 $a0-8173-8884-2 035 $a(CKB)3710000000493239 035 $a(EBL)4312176 035 $a(SSID)ssj0001570257 035 $a(PQKBManifestationID)16217891 035 $a(PQKBTitleCode)TC0001570257 035 $a(PQKBWorkID)14803867 035 $a(PQKB)11089509 035 $a(MiAaPQ)EBC4312176 035 $a(OCoLC)926014649 035 $a(MdBmJHUP)muse46991 035 $a(Au-PeEL)EBL4312176 035 $a(CaPaEBR)ebr11138986 035 $a(EXLCZ)993710000000493239 100 $a20160120h20152015 uy 0 101 0 $aeng 135 $aur|n|---||||| 181 $ctxt 182 $cc 183 $acr 200 10$aFighting monsters in the abyss $ethe second administration of Colombian President Alvaro Uribe Velez, 2006-2010 /$fHarvey F. Kline 210 1$aTuscaloosa, Alabama :$cThe University Alabama Press,$d2015. 210 4$d©2015 215 $a1 online resource (269 p.) 300 $aDescription based upon print version of record. 311 $a0-8173-1880-1 320 $aIncludes bibliographical references and index. 327 $aHistorical background to the Colombian state in 2006 -- The concepts of the state and state building -- State building in Colombia before 1998 -- The immediate context: the Andres Pastrana Presidency and Alvaro Uribe's first -- Term -- The legitimate monopoly of force challenge -- Violence and human rights during the second Uribe term -- Failure with guerilla groups during the second Uribe term -- The justice challenge -- The conflicts of president Uribe with the judicial branch -- Enforcement of the law of justice and peace -- Unsolved problems after the paramilitary demobilization: parapolitica and new -- Emerging bands -- Into the abyss? -- The difficulties coming from allowing the ends to justify the means -- Conclusion -- Epilogue -- Average number of human rights violations in Colombia, 1982-90, according to the Inter-American Commission on Human Rights -- Comparison of human rights violations in Colombia in the Barco and Gaviria years, according to the Comision Intercongregacional de Justicia y Paz -- Levels of violence during the Alvaro Uribe Velez presidency, according to the National Planning Department -- Levels of violence, January-October 2002-9, according to the Fundacion Seguridad y Democracia -- Levels of homicide and kidnapping 2002-10, according to the Ministry of Defense -- Acts of war 2002-10, according to the Ministry of Defense -- Human rights violations during the Uribe years, according to the Centro de Investigacion y Educacion Popular -- Chronology of the arguments between President Uribe and the Supreme Court -- Information about the presence of emerging criminal bands in 2010 -- E.1. Comparison of the number of troops of the Colombian Armed Forces and the FARC, 1999 and 2012. 606 $aHuman rights$zColombia$xHistory$y21st century 606 $aPolitical violence$zColombia$xHistory$y21st century 606 $aJustice, Administration of$zColombia$xHistory$y21st century 607 $aColombia$xPolitics and government$y1974- 608 $aElectronic books. 615 0$aHuman rights$xHistory 615 0$aPolitical violence$xHistory 615 0$aJustice, Administration of$xHistory 676 $a986.106/34 700 $aKline$b Harvey F.$01050999 801 0$bMiAaPQ 801 1$bMiAaPQ 801 2$bMiAaPQ 906 $aBOOK 912 $a9910460292003321 996 $aFighting monsters in the abyss$92488367 997 $aUNINA LEADER 01951nam0 22003733i 450 001 TO00030742 005 20231121125832.0 100 $a19910302d1978 ||||0itac50 ba 101 | $aita 102 $ait 181 1$6z01$ai $bxxxe 182 1$6z01$an 200 1 $aDall'unanimitas all'universitas$eda Alcuino a Giovanni Eriugena, lineamenti ideologici e terminologia politica della cultura del secolo 9.$fMarta Cristiani 210 $aRoma$cnella sede dell'Istituto$d1978 215 $a209 p.$d25 cm 225 | $aStudi storici$fIstituto storico italiano per il Medio Evo$v100-102 300 $aIn testa al front.: Istituto Storico Italiano per il Medio Evo. 410 0$1001CFI0001752$12001 $aStudi storici$fIstituto storico italiano per il Medio Evo$v100-102$171202$aIstituto storico italiano per il Medio Evo$3CFIV017158 606 $aPolitica$xTeorie$xSec. 9.$2FIR$3BVEC143272$9I 676 $a320.1094$9Lo Stato. Europa. Medioevo.$v22 676 $a940.1$9Storia generale d'Europa. Fino al 1453$v21 700 1$aCristiani$b, Marta$3CFIV009090$4070$0188052 790 1$aCristiani$b, Marta Letizia$3SBNV006255$zCristiani, Marta 801 3$aIT$bIT-01$c19910302 850 $aIT-RM0281 $aIT-FR0084 $aIT-RM0151 $aIT-FR0017 899 $aBIBLIOTECA VALLICELLIANA$bRM0281 899 $aBiblioteca Del Monumento Nazionale Di Montecassino$bFR0084 899 $aBiblioteca Istituto Storico Italiano Medio Evo - I$bRM0151 899 $aBiblioteca umanistica Giorgio Aprea$bFR0017 $eN 912 $aTO00030742 950 0$aBiblioteca umanistica Giorgio Aprea$d 52MAG 3 COLL P 29$e 52MAG0000160645 VMB RS $fA $h20170227$i20170227$d 52DFA COLL H 100$e 52FLS0000334435 VMB RS $fC $h20170227$i20170227 977 $a 08$a 25$a 41$a 52 996 $aDall'unanimitas all'universitas$9610631 997 $aUNICAS LEADER 06353nam 2200637 450 001 9910790992003321 005 20230803022819.0 010 $a94-012-0989-8 024 7 $a10.1163/9789401209892 035 $a(CKB)2550000001182780 035 $a(EBL)1598084 035 $a(SSID)ssj0001127747 035 $a(PQKBManifestationID)12401145 035 $a(PQKBTitleCode)TC0001127747 035 $a(PQKBWorkID)11153001 035 $a(PQKB)10363496 035 $a(MiAaPQ)EBC1598084 035 $a(OCoLC)868281703$z(OCoLC)889184533 035 $a(nllekb)BRILL9789401209892 035 $a(Au-PeEL)EBL1598084 035 $a(CaPaEBR)ebr10826899 035 $a(CaONFJC)MIL562806 035 $a(OCoLC)868281703 035 $a(EXLCZ)992550000001182780 100 $a20140128h20132013 uy 0 101 0 $aeng 135 $aur|n|---||||| 181 $ctxt 182 $cc 183 $acr 200 00$aAfrican literatures and beyond $ea florilegium /$fedited by Bernth Lindfors and Geoffrey V. Davis ; cover image, Brenda Lindfors, Gordon Collier 210 1$aAmsterdam, Netherlands ;$aNew York :$cRodopi,$d2013. 210 4$d©2013 215 $a1 online resource (427 p.) 225 0$aCross/cultures ;$v168 300 $aDescription based upon print version of record. 311 $a90-420-3738-5 311 $a1-306-31555-7 320 $aIncludes bibliographical references. 327 $tPreliminary Material --$tCultural Studies, Power, and the Idea of the Hegemonic in Wole Soyinka?s Works /$rMpalive Hangson Msiska --$tInterpreting the Interpreters: The Narratives of the Postcolony in Wole Soyinka?s The Interpreters /$rSola Adeyemi --$tThe Enduring Relevance of Kobina Sekyi?s The Blinkards in Twenty-First-Century Ghana /$rAwo Mana Asiedu --$tThe Agony and the Ecstasy: Sierra Leonean Dramatists? Confrontation with the Sierra Leonean Landscape /$rEustace Palmer --$tThe Rev. Joseph Jackson Fuller: A ?Native? Evangelist and ?Black? Identity in the Cameroons /$rGareth Griffiths --$tA Modest Plant, Easily Crushed: Radio Drama in Blin, Eritrea /$rJane Plastow --$tThrough Determination to Happiness?: Eastern African Slavery in Life and Literature /$rPia Thielmann --$t?Shine your light, Zimbabwe? /$rGeoffrey V. Davis --$tFrom Mqhayi to Sole: Four Poems on the Sinking of the Troopship Mendi /$rChris Dunton --$tFieldwork as Translation: Linnaeus? Apostle Anders Sparrman and the Hottentot Perspective /$rRaoul J. Granqvist --$tOrality and Performance: A Source of Pan-African Social Self /$rKofi Anyidoho --$tAfricans and Ireland History, Society, and the Black Nexus /$rInnes C.L. and Collier Gordon --$tIra Aldridge in Stockholm /$rBernth Lindfors --$t?Who?ll get my library after I?m gone??: An Interview with the Septuagenarian Afro-German Africanist Theodor Wonja Michael /$rAnne Adams --$tInto the Heart of Whiteness: Performing African Moon in Krefeld: Gabriel Gbadamosi in Conversation /$rChristine Matzke --$tVon Jenseits des Meeres: Romantic and Revolutionary Visions of Caribbean History /$rEckhard Breitinger --$t?But it will have to be a new English?: A Comparative Discussion of the ?Nativization? of English among Afro- and Indo-English authors /$rLeif Lorentzon --$tAfrican Literature Today and African Theatre The James Gibbs Connection /$rCurrey James and Lynn Taylor --$tHe Spoke Truth ? Quietly /$rKofi Anyidoho --$tThe Carwash, Clifton Moor, York: (For James and Patience) /$rJack Mapanje --$tCrosscut /$rCharles R. Larson --$tKariba?s Last Stand /$rRobert Fraser --$tOdùduwà, Don?t Go!: A One-Act Play For Col. Adékúnlé Fajuyi, who gave his life /$rFemi Osofisan --$tMosquito!: Or, Addition, Vernacular, or Rat? A Railway for Freetown /$rMartin Banham --$tJames Gibbs?s Pinteresque Diversion /$rC.L. Innes --$tNotes on Contributors. 330 $aThis tribute collection reflects the wide range and diversity of James Gibbs?s academic interests. The focus is on Africa, but comparative studies of other literatures also receive attention. Fiction, drama, and poetry by writers from Nigeria, Ghana, Sierra Leone, Eritrea, Malawi, Zimbabwe, South Africa, Ireland, England, Germany, India, and the Caribbean are surveyed alongside significant missionaries, scientists, performers, and scholars. The writers discussed include Wole Soyinka, Chinua Achebe, Kobina Sekyi, Raphael Armattoe, J.E. Casely Hayford, Michael Dei-Anang, Kofi Awoonor, Ayi Kwei Armah, John Kolosa Kargbo, Dele Charley, Ng?g? wa Thiong?o, Okot p?Bitek, Jonathan Sajiwandani, Samuel E. Krune Mqhayi, A.S. Mopeli?Paulus, Kelwyn Sole, Anna Seghers, Raja Rao, and Arundhati Roy. Other essays treat the black presence in Ireland, anonymous rap artists in Chicago, the Jamaican missionary Joseph Jackson Fuller in the Cameroons, the African-American actor Ira Aldridge in Sweden, the Swedish naturalist Anders Sparrman in South Africa, and the literary scholar and editor Eldred Durosimi Jones in Sierra Leone. Interviews with the Afro-German Africanist Theodor Wonja Michael and the Irish-Nigerian dramatist Gabriel Gbadamosi are also included. Also offered are poems by Jack Mapanje and Kofi Anyidoho, short stories by Charles R. Larson and Robert Fraser, plays by Femi Osofisan and Martin Banham, and an account of a dramatic reading of a script written and co-performed by James Gibbs. Contributors: Anne Adams, Sola Adeyemi, Kofi Anyidoho, Awo Mana Asiedu, Martin Banham, Eckhard Breitinger, Gordon Collier, James Currey, Geoffrey V. Davis, Chris Dunton, Robert Fraser, Raoul J. Granqvist, Gareth Griffiths, C.L. Innes, Charles R. Larson, Bernth Lindfors, Leif Lorentzon, Jack Mapanje, Christine Matzke, Mpalive?Hangson Msiska, Femi Osofisan, Eustace Palmer, Jane Plastow, Lynn Taylor, and Pia Thielmann. 410 0$aCross/Cultures$v168. 606 $aAfrican literature$xHistory and criticism 615 0$aAfrican literature$xHistory and criticism. 676 $a809.896 701 $aLindfors$b Brenda$01493228 701 $aDavis$b Geoffrey V.$f1943-2018.$0199647 701 $aLindfors$b Bernth$0464998 701 $aCollier$b Gordon$01110247 801 0$bMiAaPQ 801 1$bMiAaPQ 801 2$bMiAaPQ 906 $aBOOK 912 $a9910790992003321 996 $aAfrican literatures and beyond$93716100 997 $aUNINA